000 00620nam a22002177a 4500
003 UA-OsUOA
001 77655
007 ta
008 20110920b un ||||| |||| 00| 0 ukr d
100 _aКайдан Н.С.
090 _a330(477)
_bК15
942 _cSA
040 _aUA-OsUOA
_bukr
_cUA-OsUOA
_dUA-OsUOA
245 _aПрийняття маркетингових рішень підприємствами АПК
300 _aС.116-119
955 _a0
041 _aukr
080 _a330(477)
773 0 _w77639
_tЕкономіка АПК
_dК.
_d2011
_g9
650 7 _a330 Економіка взагалі
_2UDC
999 _c363963
_d363963